Visualizzazione normale
Vista MARC
- Ceragioli Enzo
di Personal Name
Records bibliografici associati: 3
001 - CONTROL NUMBER
- control field: 1389
003 - CONTROL NUMBER IDENTIFIER
- control field: IT-RoPau
005 - DATE AND TIME OF LATEST TRANSACTION
- control field: 20131108161232.0
008 - FIXED-LENGTH DATA ELEMENTS
- fixed length control field: 131108|| aca||aabn | a|a d
040 ## - CATALOGING SOURCE
- Original cataloging agency: IT-RoPau
- Transcribing agency: IT-RoPau
100 ## - HEADING--PERSONAL NAME
- Personal name: Ceragioli Enzo
670 ## - SOURCE DATA FOUND
- Source citation: Work cat.: (IT-RoPau)101413: Ceragioli Enzo, Negro spirituals in italiano (I)-3